Complète les paroles #1 : Soprano - Statistiques

Statistiques générales
  • Ce quiz a été pris 230 fois
    219 depuis la dernière actualisation
  • Le résultat moyen est 9 sur 15
Statistiques - réponses
Question Réponse % Correct
Complétez : "Je sens que je vais briller, Ce soir, je marche sur l'eau..." J'ai l'impression de planer, regarder d'un hublot
91%
Complétez : "Oui je roule, roule, roule, roule, roule jusqu'au bout de la nuit. J'accélère,..." Majeur en l'air, en insultant ta foutue maladie
90%
Complétez : "Désolé les enfants si ce soir je ne suis pas drôle mais ..." ce costume coloré me rend ridicule et me colle
82%
Complétez : "Oui, j'ai besoin d'air, je suis à découvert..." Si tu m'aimes rends-moi millionnaire
75%
Complétez : "Ce soir c'est boxe, c'est foot, c'est Messi et ... " Ronaldo, Lebron James et Automoto
74%
Complétez : "Je te partage ma vie, au lieu de la vivre..." Tu me partages la vie des autres pour me divertir
72%
Complétez : "Ne t'arrête pas quand t'as mal mais plutôt quand t'as tout donné Oui, tout donné..." Toujours se relever, toujours recommencer
69%
Complétez : "Malgré sa richesse l'Afrique a toujours un creux, la télé ..." ma volé l'éducation de leurs morveux
58%
Complétez : "Aujourd'hui ils nous parlent d'identité nationale, d'Europe etc..." Pendant que la jeunesse ne sait plus où elle va
57%
Complétez : "Y a qu'à l'époque de Kriss Kross qu'on a tourné la veste..." Le DJ met mon son, dans la boîte c'est le zbeul
51%
Complétez : "Le monde a le cœur divisé, Même Cupidon n'a aucun effet..." Toutes ses flèches ont échouées
50%
Complétez : "Et moi, mes problèmes à moi, Qui ça intéresse, intéresse, intéresse, intéresse ?..." Oui et moi, mes états d'âme et mes tourments
45%
Complétez : "Docteur, je suis désolé, oui, je suis fou, ma folie, c'est ma liberté..." Je n'ai pas du tout l'intention de me soigner
42%
Complétez : "Il avait le pedigree d'un super amant..." L'homme parfait, l'homme rêvé
36%
Complétez : "On m'a dit y a une bombe dis-moi, dis-moi où elle est..." Pour la désamorcer faut des billets verts
25%
Aucun quiz correspondant
Distribution des résultats
% des personnes avec chaque résultat
Percentile par nombre de réponses
Votre historique - résultats
Vous n’avez pas pris ce quiz depuis la dernière actualisation